000 00801nam a22002177a 4500
999 _c15660
_d15660
003 AR-CdUCM
008 190429b ||||| |||| 00| 0 spa d
040 _aMUNICIPALIDAD PROVINCIAL DEL CUSCO
_cBIBLIOTECA MUNICIPAL DEL CUSCO
082 _a342.2 /
_bAR66 / 1911
100 _aAranda, Ricardo
_928625
245 _aColección de los tratados convenciones, capitulaciones, armisticios y otros actos diplomáticos y políticos /
260 _aLima :
_bLa revista,
_c1911.
300 _a1004 páginas ;
_c26 cm.
505 _aContenido: t.13. Época colonial -- Época moderna
650 _aTratados del Perú
_934804
650 _aÉpoca colonial
_91374
650 _aÉpoca moderna
_97501
710 _aMinisterio de relaciones exteriores
_93262
942 _2ddc
_cLIBROS
945 _aacv
_d2019-04-29